00458nam a2200181Ia 4500003000400000005001700004008004100021020001800062040000700080041000800087082002400095100001900119245006600138250000600204260003800210300001500248365001300263OSt20230511142828.0210423s2009 xx 000 0 und d a9788184893014 cAL aeng a581.0724 223bFUTO aFU (Tong-Jen). aPlant cell and tissue for the production of food ingredients. a2 aNew DelhibSpringer Pvt Ltdc2009 aix,290bPB b395cINR